Meta-analysis of India's demographic dividend in twenty-first century (Record no. 510127)

000 -LEADER
fixed length control field 00432nam a2200145 4500
008 - FIXED-LENGTH DATA ELEMENTS--GENERAL INFORMATION
fixed length control field 190728b ||||| |||| 00| 0 eng d
100 ## - MAIN ENTRY--PERSONAL NAME
Personal name Malik, Rajeshwari
245 ## - TITLE STATEMENT
Title Meta-analysis of India's demographic dividend in twenty-first century
260 ## - PUBLICATION, DISTRIBUTION, ETC. (IMPRINT)
Date of publication, distribution, etc 2019
300 ## - PHYSICAL DESCRIPTION
Extent p.13-26.
650 ## - SUBJECT ADDED ENTRY--TOPICAL TERM
Topical term or geographic name as entry element Population distribution - India
9 (RLIN) 7478
773 ## - HOST ITEM ENTRY
Main entry heading Man and Development
906 ## - LOCAL DATA ELEMENT F, LDF (RLIN)
Subject DIP Demography - India
942 ## - ADDED ENTRY ELEMENTS (KOHA)
Source of classification or shelving scheme
Item type Articles
Holdings
Withdrawn status Lost status Source of classification or shelving scheme Damaged status Not for loan Permanent location Current location Date acquired Serial Enumeration / chronology Barcode Date last seen Koha item type
          Indian Institute of Public Administration Indian Institute of Public Administration 2019-07-28 41(1), Mar, 2019: p.13-26. AR120112 2019-07-28 Articles

Powered by Koha